SWGOH Characters Quiz - Statistics

General Stats
  • This quiz has been taken 189 times
    140 since last reset
  • The average score is 110 of 229
Answer Stats
Answer % Correct
Jedi Knight Anakin
83%
Darth Revan
81%
Darth Vader
81%
General Kenobi
79%
C-3PO
77%
Han Solo
77%
Princess Leia
77%
Rey
77%
Ahsoka Tano
75%
CT-7567 "Rex"
75%
Emperor Palpatine
75%
Hera Syndulla
75%
Kylo Ren
75%
R2-D2
75%
CT-5555 "Fives"
74%
Stormtrooper
74%
The Mandalorian
74%
Boba Fett
72%
General Skywalker
72%
Jedi Knight Luke Skywalker
72%
Chewbacca
70%
CT-21-0408 "Echo"
70%
Ezra Bridger
70%
Echo
70%
Jedi Knight Revan
70%
Kanan Jarrus
70%
Darth Sidious
68%
B1 Battle Droid
68%
Jango Fett
68%
Supreme Leader Kylo Ren
68%
B2 Super Battle Droid
66%
Chopper
66%
Commander Luke Skywalker
66%
Count Dooku
66%
Finn
66%
Grand Master Yoda
66%
IG-88
66%
Lord Vader
66%
Maul
66%
Bastila Shan
64%
BB-8
64%
Jedi Master Kenobi
64%
Jedi Master Luke Skywalker
64%
Padme Amidala
64%
Sabine Wren
64%
Darth Sion
62%
Cassian Andor
60%
Darth Nihilus
60%
General Grievous
60%
General Hux
60%
General Veers
60%
Hunter
60%
Kylo Ren (Unmasked)
60%
Lando Calrissian
60%
Rey (Jedi Training)
60%
Admiral Ackbar
58%
Bossk
58%
Darth Malak
58%
Garazeb "Zeb" Orrelios
58%
Grand Admiral Thrawn
58%
Hermit Yoda
58%
Wrecker
58%
Admiral Piett
57%
Asajj Ventress
57%
Bastila Shan (Fallen)
57%
CC-2224 "Cody"
57%
Droideka
57%
Omega
57%
Poe Dameron
57%
Sith Trooper
57%
Tech
57%
Dark Trooper
55%
Grand Moff Tarkin
55%
IG-11
55%
Jolee Bindo
55%
Jyn Erso
55%
Luke Skywalker (Farmboy)
55%
Mace Windu
55%
Obi-Wan Kenobi (Old Ben)
55%
Wicket
55%
ARC Trooper
53%
Colonel Starck
53%
Commander Ahsoka Tano
53%
Darth Maul
53%
Darth Traya
53%
Death Trooper
53%
Mara Jade, The Emperor's Hand
53%
Sith Eternal Emperor
53%
Young Han Solo
53%
Cad Bane
51%
Darth Talon
51%
Jawa
51%
Snowtrooper
51%
Wat Tambor
51%
Admiral Raddus
49%
Ahsoka Tano (Fulcrum)
49%
Chief Chirpa
49%
Ewok Scout
49%
Jawa Scavenger
49%
Moff Gideon
49%
Old Daka
49%
Rebel Officer Leia Organa
49%
The Mandalorian (Beskar Armor)
49%
Zaalbar
49%
Mon Mothma
47%
Resistance Hero Finn
47%
Resistance Hero Poe
47%
Rose Tico
47%
Starkiller
47%
Amilyn Holdo
45%
Baze Malbus
45%
Darth Malgus
45%
Dengar
45%
First Order Stormtrooper
45%
First Order TIE Pilot
45%
Greef Karga
45%
IG-100 MagnaGuard
45%
K-2SO
45%
Kit Fisto
45%
Mother Talzin
45%
TIE Fighter Pilot
45%
Young Lando Calrissian
45%
Aayla Secura
43%
Captain Han Solo
43%
Chirrut Imwe
43%
Dash Rendar
43%
Grand Inquisitor
43%
Ki-Adi-Mundi
43%
Kyle Katarn
43%
Mission Vao
43%
Nightsister Zombie
43%
Nute Gunray
43%
Poggle the Lesser
43%
Sith Empire Trooper
43%
Threepio and Chewie
43%
Wampa
43%
Biggs Darklighter
42%
Bo-Katan Kryze
42%
Fifth Brother
42%
Greedo
42%
HK-47
42%
Iden Versio
42%
Qui-Gon Jinn
42%
Savage Opress
42%
Shaak Ti
42%
Sith Marauder
42%
Tusken Raider
42%
Veteran Smuggler Chewbacca
42%
Wedge Antilles
42%
Carth Onasi
40%
Ewok Elder
40%
First Order Officer
40%
Geonosian Brood Alpha
40%
Geonosian Soldier
40%
Geonosian Spy
40%
Ima-Gun Di
40%
Logray
40%
Magmatrooper
40%
Nightsister Spirit
40%
Rey (Scavenger)
40%
Sith Assassin
40%
Veteran Smuggler Han Solo
40%
Aurra Sing
38%
Barriss Offee
38%
Captain Phasma
38%
First Order Executioner
38%
First Order SF TIE Pilot
38%
Nightsister Acolyte
38%
Ninth Sister
38%
Royal Guard
38%
Second Sister
38%
Seventh Sister
38%
Stormtrooper Han
38%
Sun Fac
38%
Teebo
38%
Zam Wessel
38%
Bistan
36%
Chief Nebit
36%
Director Krennic
36%
Eighth Brother
36%
IG-86 Sentinel Droid
36%
Jedi Knight Guardian
36%
Plo Koon
36%
Qi'ra
36%
Range Trooper
36%
Shoretrooper
36%
Vandor Chewbacca
36%
50R-T
34%
Canderous Ordo
34%
Cara Dune
34%
Clone Sergeant - Phase I
34%
Juhani
34%
Luminara Unduli
34%
Ben Solo
32%
Boba Fett, Scion of Jango
32%
Fennec Shand
32%
Jawa Engineer
32%
Nightsister Initiate
32%
Paploo
32%
Resistance Trooper
32%
Talia
32%
Clone Wars Chewbacca
30%
Coruscant Underworld Police
30%
Enfys Nest
30%
Jedi Consular
30%
L3-37
30%
Resistance Pilot
30%
T3-M4
30%
Embo
26%
Gar Saxon
26%
Kuill
26%
Lobot
26%
Pao
26%
Dathcha
25%
Imperial Probe Droid
25%
Scarif Rebel Pathfinder
25%
Tusken Shaman
25%
Eeth Koth
23%
Hoth Rebel Scout
23%
Hoth Rebel Soldier
23%
Imperial Super Commando
23%
Visas Marr
23%
Gamorrean Guard
21%
Mob Enforcer
21%
Krrsantan
19%
Bodhi Rook
17%
Ugnaught
17%
URoRRuR'R'R
15%
The Armorer
9%
No matching quizzes found
Score Distribution
Percent of People with Each Score
Percentile by Number Answered
Your Score History
You have not taken this quiz since the last reset